| 000 | 005500000a22001930004500 | ||
|---|---|---|---|
| 090 |
_aAR _b00187 |
||
| 245 | 1 | 0 | _aKurze mitteilungen: herpetologisch neus von der insel Tobago |
| 650 | 1 | 4 |
_aFauna _992594 |
| 650 | 1 | 4 |
_aReptiles _992767 |
| 650 | 1 | 4 |
_aHerpetologĂa _98027 |
| 651 | 4 |
_pTobago _992749 |
|
| 653 |
_gPhyllobates _ePhyllobates trinitatis |
||
| 653 |
_gHyla _eHyla rubra |
||
| 653 |
_gCaiman _eCaiman crocodilus |
||
| 041 | 0 | _aAlemán | |
| 100 | 1 |
_aMertens, Robert _993053 |
|
| 942 | _cARTICULO | ||
| 773 | 1 |
_tSalamandra _388 _h1-2 _q41-44 _d1970 _g6 |
|
| 999 |
_c9288 _d9288 |
||